00551nam a2200193Ia 450000500170000000800410001702000150005808200130007310000220008624500220010826000610013030000130019165000150020465000140021965000120023394200060024595200930025199900130034420240724051239.0240331s9999 xx 000 0 und d a8121500591 a291bCOO aCoomaraswamy, A.K 0aTime and eternity aNew DelhibMushiram Manoharlal Publishers Pvt. Ltdc1988 a140 p ., aPhilosophy aSpiritual aHistory cL 001040708LaWERCLbWERCLcSSCd2024-03-31l0o 291 COOp67r2024-03-31w2024-03-31yL c838d838